|
|
|
|
| LEADER |
00000nab a2200000 a 4500 |
| 001 |
vtls000105845 |
| 003 |
SK-MaSNL |
| 005 |
20260303024145.0 |
| 008 |
111104c1981 xo 0 slo |
| 015 |
|
|
|a SNBRB19rr/mm-uuuuu
|
| 035 |
|
|
|a CL0115948
|
| 040 |
|
|
|a SNKBUCL
|b slo
|c SNKBUCL
|e AACR2
|
| 041 |
0 |
|
|a slo
|
| 044 |
|
|
|a xo
|c SK
|
| 080 |
|
|
|a 82.09:885.4-3(048)
|2 1981
|
| 080 |
|
|
|a 885.4-3(048)
|2 1981
|
| 100 |
1 |
|
|a Choma, Branislav,
|d 1924-2007
|4 aut
|9 13256
|
| 245 |
1 |
0 |
|a Prísny spisovateľ
|b Na okraj Vybraných spisov Jána Bodeneka
|c B. Choma ; Ján Bodenek
|
| 650 |
0 |
7 |
|a novely románové
|2 snkbucl
|9 1004975
|
| 650 |
0 |
7 |
|a poviedky spoločenské
|2 snkbucl
|9 318463
|
| 655 |
|
7 |
|a články z novín a časopisov
|2 snkbucl
|9 267496
|
| 655 |
|
7 |
|a články z odboru literárna veda a krásna literatúra
|2 snkbucl
|9 770045
|
| 700 |
1 |
|
|a Bodenek, Ján,
|d 1911-1985
|4 aut
|9 117898
|
| 773 |
0 |
|
|t Práca
|g Roč. 36, č. 262 (5. 11. 1981), s. 6
|
| 787 |
0 |
8 |
|i Rec.:
|a Bodenek, Ján
|t Vina. Medzi nami. Keď zanikol čas. Dom s manzardkou
|d Bratislava : Slovenský spisovateľ, 1981
|
| 850 |
|
|
|a Slovenská národná knižnica v Martine
|a MTA001
|
| 852 |
|
|
|a SNK
|b KIS3GCP
|
| 958 |
|
|
|a RK
|
| 958 |
|
|
|a LX
|
| 992 |
|
|
|a RBX
|
| 999 |
|
|
|c 1638713
|d 1640643
|